000 00564nam a22001937a 4500
999 _c138664
_d138664
005 20230210164250.0
010 _aENG-117559
020 _a9789380930527
_c850.00
035 _aEN-101091
037 _bDBAD/PUB
082 _a650.144
100 _aAnita Acharya
245 _aInterview skills :
_btips and techniques/
_cby Anita Acharya
260 _aJaipur,
_bYking Books
_c2012
270 _aG-13,S.S. Tower,Dhamani Street, Choura Rasta
_bJaipur
_e302003
300 _avii,256p.
_b23cm(Hb)
500 _a
942 _2ddc
_cEN
_h650.144
_mACH